Statistics for Geography and History of Brazil on a Map

Click here to take the quiz!

General Stats

  • This quiz has been taken 286 times
    (91 since last reset)
  • The average score is 29 of 60

Answers on the Map

Answers color-coded by a green-red scale on the quiz's map according to % correct below.
 

Answer Stats

Answer% Correct
Rio de Janeiro
99%
São Paulo
95%
Amazon River
92%
Amazon Theatre
92%
Brasília
90%
Manaus
84%
Belo Horizonte
81%
Salvador
81%
Fortaleza
78%
Recife
78%
Amazonas
75%
Belém
75%
Paraná River
69%
Porto Alegre
69%
Pelé
68%
Iguaçu Falls
61%
Lula da Silva
61%
Uruguay River
61%
Acre
60%
Mato Grosso
58%
Natal
58%
Bahia
57%
Christ the Redeemer
57%
Ayrton Senna
56%
Pedro I of Brazil
56%
Minas Gerais
55%
Copacabana Beach
53%
Rio Grande do Sul
52%
Goiânia
49%
Ronaldo
49%
Carnival
48%
São Luís
48%
Florianópolis
45%
Santa Catarina
44%
Coffee
43%
Sugarloaf Mountain
43%
São Francisco River
42%
Pernambuco
40%
Roraima
40%
Amapá
39%
Oscar Niemeyer
34%
Pantanal
34%
Feijoada
32%
Getúlio Vargas
31%
Alberto Santos-Dumont
29%
Cuiabá
29%
Porto Velho
27%
Tupi
25%
Emerson Fittipaldi
18%
Lençóis Maranhenses National Park
17%
Pico da Neblina
17%
Aleijadinho
16%
Duke of Caxias
16%
Lagoa dos Patos
16%
Guiana Highlands
10%
Mantiqueira Mountains
10%
Hélio Gracie
9%
Trindade and Martim Vaz
9%
Chapada dos Veadeiros National Park
8%
Pedra da Mina
4%

Score Distribution

Percentile by Number Answered

Percent of People with Each Score

Your Score History

You have not taken this quiz since the last reset